书目信息 |
| 题名: |
博士、硕士研究生毕业论文研究与写作
|
|
| 作者: | 比勒, , 劳里, , 费希尔, ;徐海乐 , 钱萌 译 | |
| 分册: | ||
| 出版信息: | 北京 经济管理出版社 2005.10 |
|
| 页数: | 273页 | |
| 开本: | 25cm | |
| 丛书名: | ||
| 单 册: | ||
| 中图分类: | G642.477 | |
| 科图分类: | ||
| 主题词: | 研究生--yan jiu sheng--毕业论文--写作 | |
| 电子资源: | ||
| ISBN: | 7-80207-384-7 | |
| 000 | 01461nam0 2200301 450 | |
| 001 | 012006357690 | |
| 005 | 20060912163656.48 | |
| 010 | @a7-80207-384-7@dCNY38.00 | |
| 100 | @a20060622d2005 km y0chiy0120 ea | |
| 101 | 1 | @achi@ceng |
| 102 | @aCN@b110000 | |
| 105 | @aa a 000yy | |
| 200 | 1 | @a博士、硕士研究生毕业论文研究与写作@Abo shi、shuo shi yan jiu sheng bi ye lun wen yan jiu yu xie zuo@d= Researching and writing a dissertation for business students@f(英) 科林·费希尔 … [等] 著@F(ying)ke lin·fei xi er…[deng]zhu@g徐海乐, 钱萌译@Gxu hai yue,qian meng yi@zeng |
| 210 | @a北京@c经济管理出版社@d2005.10 | |
| 215 | @a273页@c图@d25cm | |
| 304 | @a题名页题责任者还有:(英)约翰·比勒(John Buglear)、(英)黛安娜·劳里(Diannah Lowry)、(英)阿利斯泰尔·马奇(Alistair Mutch)、(英)卡罗尔·坦斯利(Carole Tansley) | |
| 320 | @a有书目 (第272-273页)。 | |
| 330 | @a本书将指导你通过选择、计划、研究与撰写这样一步一步地完成论文写作的方法;鼓励你发展相关的技能并在每一步通过一个实例去说明要做什么。 | |
| 510 | 1 | @aResearching and writing a dissertation for business students@zeng |
| 606 | 0 | @a研究生@Ayan jiu sheng@x毕业论文@x写作 |
| 690 | @aG642.477@v4 | |
| 701 | 1 | @a比勒,@Abi le,@bJ.@g(Buglear, John) |
| 701 | 1 | @a劳里,@Alao li,@bD.@g(Lowry, Diannah) |
| 701 | 1 | @a费希尔,@Afei xi er,@bC.@g(Fisher, Colin)@4著 |
| 702 | 0 | @a徐海乐@Axu hai yue@4译 |
| 702 | 0 | @a钱萌@Aqian meng@4译 |
| 801 | 0 | @aCN@bQSSK@c20060912 |
| 905 | @a10447@dG642.477@eF370 | |
| 博士、硕士研究生毕业论文研究与写作= Researching and writing a dissertation for business students/(英) 科林·费希尔 … [等] 著/徐海乐, 钱萌译.-北京:经济管理出版社,2005.10 |
| 273页:图;25cm |
| ISBN 7-80207-384-7:CNY38.00 |
| 本书将指导你通过选择、计划、研究与撰写这样一步一步地完成论文写作的方法;鼓励你发展相关的技能并在每一步通过一个实例去说明要做什么。 |
| ● |
| 相关链接 |
|
|
|
正题名:博士、硕士研究生毕业论文研究与写作
索取号:G642.477/F370
 
预约/预借
| 序号 | 登录号 | 条形码 | 馆藏地/架位号 | 状态 | 备注 |
| 1 | 590680 | 205906803 | 社科库409/409社科库 11排2列1层/ [索取号:G642.477/F370] | 在馆 | |
| 2 | 590681 | 205906812 | 社科库409/409社科库 11排2列1层/ [索取号:G642.477/F370] | 在馆 | |
| 3 | 590682 | 205906821 | 社科库409/409社科库 11排2列1层/ [索取号:G642.477/F370] | 在馆 |